| 000 | 01057nam a2200277Ia 4500 | ||
|---|---|---|---|
| 003 | OSt | ||
| 005 | 20221005111326.0 | ||
| 006 | a|||||r|||| 00| 0 | ||
| 007 | ta | ||
| 008 | 221004b |||||||| |||| 00| 0 hin d | ||
| 020 |
_a9789350725597 (hbk) _cIndian Rupees 395 |
||
| 024 | _a43935 | ||
| 037 |
_bGift, 30/05/2019, _cTextual |
||
| 040 |
_aCRL _cCRL _bhin |
||
| 041 |
_2hin _ahin |
||
| 082 | _aO152,6N41x, Q3 | ||
| 100 | _aपाण्डेय, मैनेजर, ले. | ||
| 245 | 0 | _aभारतीय समाज में प्रतिरोध की परम्परा | |
| 246 | _aBhāratīya samāj mean pratirodh kī paramparā | ||
| 260 |
_aनई दिल्ली _bवाणी प्रकाशन भारत _c2013 |
||
| 300 |
_a238पृ0 _ccm. |
||
| 650 | _a हिन्दी साहित्य | ||
| 650 | _aहिन्दी निबंध | ||
| 942 |
_hO152,6N41x, Q3 _cTEXL _2cc |
||
| 999 |
_c1021504 _d1021504 |
||